Most Hated Countries In The World - Statistics

General Stats
  • This quiz has been taken 106 times
  • The average score is 18 of 25
Answer Stats
# Country % Correct
2 United States
100%
4 China
96%
3 Russia
93%
10 India
92%
12 Iraq
92%
7 Iran
90%
1 Israel
90%
6 United Kingdom
90%
9 France
88%
17 Germany
88%
5 North Korea
85%
8 Pakistan
83%
14 Saudi Arabia
78%
16 Japan
75%
11 Afghanistan
72%
13 Turkey
72%
15 Syria
70%
24 Belarus
44%
20 Venezuela
44%
18 Nigeria
43%
23 Sudan
43%
19 Somalia
40%
22 Libya
38%
21 Algeria
37%
25 Cuba
37%
No matching quizzes found
Score Distribution
Percent of People with Each Score
Percentile by Number Answered
Your Score History
You have not taken this quiz